000 00454nam a22001577a 4500
003 MPLRDC
005 20220104142807.0
008 210129b ||||| |||| 00| 0 eng d
082 _a051.4 P2HJ 1969
100 _a槟城韩江中学
245 _a槟城韩江中学高中第十四高商第九届特别班第四届毕业刊
_c
260 _a
_b槟城韩江中学
_c1969
300 _b
650 _a学术纪要、学刊
942 _cBK
_o051.4 P2HJ 1969
999 _c33760
_d33750